00561nam a2200169 a 450000500170000000800410001704000250005804100080008310000250009124501260011626000260024230000100026865000310027865000260030965000240033570000320035920150113144109.0150113b xxu||||| |||| 00| 0 spa d aCO-BoIAVHcCO-BoIAVH aspa aParada B., Martha E. aPlantas medicinales en nuestra saludbmanejo de enfermedades comunes con plantas medicinales (Enfermedades respiratorias) aPopayánbIAVHc2006 a71 p. aCapacitación comunitaria aMateriales educativos aPlantas medicinales aAguilar Rugeles, Angélica